Statistiques concernant Devinez le Pays Mystère #92

Cliquez ici pour prendre le quiz!

Statistiques générales

  • Ce quiz a été pris 253 fois
  • Le résultat moyen est 10 sur 15

Statistiques - réponses

Type de RéponseRéponse% Correct
Lettre TrouvéeE
100%
Lettre TrouvéeA
94%
Lettre TrouvéeI
92%
Lettre TrouvéeR
89%
Lettre Bien PlacéeI
88%
Lettre TrouvéeL
79%
Lettre Bien PlacéeE
66%
Lettre TrouvéeB
64%
Lettre Bien PlacéeR
63%
Lettre TrouvéeI
61%
Lettre Bien PlacéeB
52%
Lettre Bien PlacéeA
47%
Lettre Bien PlacéeI
46%
Lettre Bien PlacéeL
46%
Pays MystèreLiberia
45%

Distribution des résultats

Percentile par nombre de réponses

% des personnes avec chaque résultat

Votre développement - résultats

Vous n’avez pas pris ce quiz